书目信息 |
| 题名: |
莎士比亚全集
|
|
| 作者: | 莎士比亚 , Shakespeare 著 | |
| 分册: | 五 | |
| 出版信息: | 北京 人民文学出版社 1978 |
|
| 页数: | 363页 | |
| 开本: | 20cm | |
| 丛书名: | ||
| 单 册: | ||
| 中图分类: | I561.33 , I561.1 | |
| 科图分类: | ||
| 主题词: | 戏剧--剧本--英国--中世纪--选集 | |
| 电子资源: | ||
| ISBN: | ||
| 000 | 00691nam0 2200253 45 | |
| 001 | 0178003615 | |
| 005 | 20040409142927.9 | |
| 010 | @dCNY1.10 | |
| 091 | @a10019.2602 | |
| 100 | @a19950721d1978 em y0chiy0121 ea | |
| 101 | 1 | @achi |
| 102 | @aCN@b110000 | |
| 105 | @ay z 000by | |
| 106 | @ar | |
| 200 | 10 | @a莎士比亚全集@Asha shi bi ya quan ji@h五@f(英)莎士比亚(W.Shakespeare)著 |
| 210 | @a北京@c人民文学出版社@d1978 | |
| 215 | @a363页@d20cm | |
| 606 | @a戏剧@x剧本@y英国@z中世纪@x选集 | |
| 690 | @aI561.33@v3 | |
| 690 | @aI561.1 | |
| 701 | 1 | @a莎士比亚@Asha shi bi ya@bW.@4著 |
| 701 | 1 | @aShakespeare@bW.@4著 |
| 801 | 0 | @aCN@bNLC@c20040409 |
| 905 | @f1@b115409@dI561.1@e125:5 | |
| 莎士比亚全集.五/(英)莎士比亚(W.Shakespeare)著.-北京:人民文学出版社,1978 |
| 363页;20cm |
| ISBN :CNY1.10 |
| ● |
| 相关链接 |
|
|
|
|
正题名:莎士比亚全集
索取号:I561.1/125:5
 
预约/预借
| 序号 | 登录号 | 条形码 | 馆藏地/架位号 | 状态 | 备注 |
| 1 | 0115407 | 000680445 | 第二借阅区/ [索取号:I561.1/125:5] | 在馆 | |
| 2 | 0115408 | 202118680 | 第一样本阅览室/ [索取号:I561.1/125:5] | 在馆 | |
| 3 | 0115409 | 000680374 | 第二借阅区/ [索取号:I561.1/125:5] | 在馆 | |
| 4 | 0115410 | 000680542 | 第二借阅区/ [索取号:I561.1/125:5] | 在馆 | |
| 5 | 0115411 | 000680383 | 第二借阅区/ [索取号:I561.1/125:5] | 在馆 | |
| 6 | 0227898 | 000680677 | 第二借阅区/ [索取号:I561.1/125:5] | 在馆 | |
| 7 | 0227899 | 000680659 | 第二借阅区/ [索取号:I561.1/125:5] | 在馆 | |
| 8 | 0227900 | 000680597 | 第二借阅区/ [索取号:I561.1/125:5] | 在馆 |